| 000 -LEADER | |
|---|---|
| fixed length control field | 00374nam a22001577a 4500 |
| 005 - DATE AND TIME OF LATEST TRANSACTION | |
| control field | 20180531125355.0 |
| 008 - FIXED-LENGTH DATA ELEMENTS--GENERAL INFORMATION | |
| fixed length control field | 160621b xxu||||| |||| 00| 0 eng d |
| 041 ## - LANGUAGE CODE | |
| Language code of text/sound track or separate title | eng |
| 082 ## - DEWEY DECIMAL CLASSIFICATION NUMBER | |
| Item number | 8725 |
| Classification number | 519.5 |
| 100 ## - MAIN ENTRY--AUTHOR NAME | |
| Personal name | De, Dr,S.N |
| 245 ## - TITLE STATEMENT | |
| Title | Business Mathematic and Statistics |
| 260 ## - PUBLICATION, DISTRIBUTION, ETC. (IMPRINT) | |
| Name of publisher | Scholor Books |
| Year of publication | 2008 |
| 300 ## - PHYSICAL DESCRIPTION | |
| Number of Pages | 845 |
| 650 ## - SUBJECT ADDED ENTRY--TOPICAL TERM | |
| Topical Term | Management |
| 942 ## - ADDED ENTRY ELEMENTS (KOHA) | |
| Koha item type | Books |
| Lost status | Damaged status | Collection code | Home library | Current library | Shelving location | Date acquired | Cost, normal purchase price | Full call number | Accession Number | Koha item type |
|---|---|---|---|---|---|---|---|---|---|---|
| MANAGEMENT | JRU Library | JRU Library | SHELF-75-A | 21/06/2016 | 225.00 | 519.5 | 8725 | Books | ||
| MANAGEMENT | JRU Library | JRU Library | SHELF-75-A | 21/06/2016 | 225.00 | 519.5 | 8726 | Books | ||
| MANAGEMENT | JRU Library | JRU Library | SHELF-75-A | 21/06/2016 | 225.00 | 519.5 | 8727 | Books | ||
| MANAGEMENT | JRU Library | JRU Library | SHELF-75-A | 21/06/2016 | 225.00 | 519.5 | 8728 | Books | ||
| MANAGEMENT | JRU Library | JRU Library | SHELF-75-A | 21/06/2016 | 225.00 | 519.5 | 8729 | Books |